[Event "Detroit op1"]
[Site "Detroit"]
[Date "2003.05.18"]
[Round "4"]
[White "Aguilar, Javier"]
[Black "Ellis, Jeff"]
[Result "1-0"]
[WhiteElo "1292"]
[BlackElo "1405"]
[PlyCount "89"]
[EventDate "2003.05.17"]
[EventType "swiss"]
[EventRounds "5"]
[EventCountry "USA"]
[SourceTitle "EXT 2007"]
[Source "ChessBase"]
[SourceDate "2006.11.23"]
[SourceVersion "1"]
[SourceVersionDate "2006.11.23"]
[SourceQuality "1"]

1. d4 c5 2. e3 d5 3. c3 Nf6 4. Bd3 Nc6 5. f4 c4 6. Be2 Bf5 7. Nf3 e6 8. 0-0 b5 9. Ne5 Nxe5 10. fxe5 Ne4 11. Nd2 Qg5 12. Nxe4 dxe4 13. Rf4 Bh3 14. Bg4 Bxg4 15. Qxg4 Qxg4 16. Rxg4 f5 17. exf6 gxf6 18. Rxe4 Kd7 19. Bd2 Bh6 20. Rf1 Bg5 21. Bc1 f5 22. Re5 a6 23. e4 Bxc1 24. Rxc1 fxe4 25. Rxe4 Rhf8 26. Rce1 Rae8 27. Re5 h6 28. Rh5 Rf6 29. Rhe5 Kd6 30. d5 Re7 31. Rxe6+ Rexe6 32. Rxe6+ Rxe6 33. dxe6 Kxe6 34. Kf2 Kf6 35. Ke3 Ke5 36. g4 a5 37. h4 b4 38. cxb4 axb4 39. g5 c3 40. bxc3 bxc3 41. Kd3 hxg5 42. hxg5 c2 43. Kxc2 Kf5 44. a4 Kxg5 45. a5 1-0

[Event "Detroit op1"]
[Site "Detroit"]
[Date "2003.05.17"]
[Round "3"]
[White "Ellis, Jeff"]
[Black "Jones, Cedric"]
[Result "1-0"]
[WhiteElo "1405"]
[BlackElo "967"]
[PlyCount "153"]
[EventDate "2003.05.17"]
[EventType "swiss"]
[EventRounds "5"]
[EventCountry "USA"]
[SourceTitle "EXT 2007"]
[Source "ChessBase"]
[SourceDate "2006.11.23"]
[SourceVersion "1"]
[SourceVersionDate "2006.11.23"]
[SourceQuality "1"]

1. e4 e5 2. Nc3 Nf6 3. Bc4 c6 4. d3 d5 5. Bb3 dxe4 6. Nxe4 Nxe4 7. Qh5 Nd6 8. Nf3 g6 9. Qxe5+ Qe7 10. Bg5 Qxe5+ 11. Nxe5 Nd7 12. Ng4 Nc5 13. Nf6+ Kd8 14. Ne4+ Be7 15. Bxe7+ Kxe7 16. Nxc5 Kf6 17. 0-0-0 b5 18. Rhe1 a5 19. a3 a4 20. Ba2 Bf5 21. Ne4+ Nxe4 22. dxe4 Bc8 23. Rd6+ Be6 24. e5+ Kf5 25. g4+ Kxg4 26. Bxe6+ fxe6 27. Rxe6 Rac8 28. Rf6 Rhf8 29. Rd1 Rxf6 30. exf6 Kf3 31. Rd6 Kxf2 32. f7 Kg2 33. Rxc6 Rf8 34. Rf6 Kxh2 35. Kd2 g5 36. Ke2 h5 37. Rf2+ Kh3 38. Rf3+ Kg4 39. Kf2 h4 40. Kg2 h3+ 41. Rxh3 Rxf7 42. Rg3+ Kh5 43. Rf3 Rd7 44. Kg3 Rd1 45. Rf5 Rg1+ 46. Kh2 Rc1 47. Rxb5 Rxc2+ 48. Kg3 Rc4 49. Rb4 Rc2 50. Kf3 Rh2 51. Kg3 Rh4 52. Kg2 Rg4+ 53. Kf3 Rh4 54. Kg3 g4 55. Rxa4 Rh3+ 56. Kg2 Kh4 57. Rb4 Rd3 58. a4 Rd2+ 59. Kf1 Kh3 60. a5 Rd1+ 61. Kf2 g3+ 62. Ke2 g2 63. Rb8 g1Q 64. Rh8+ Kg2 65. Rg8+ Kh3 66. Rxg1 Rxg1 67. Kd3 Rg5 68. b4 Kg4 69. a6 Kf4 70. Kc4 Ke5 71. Kc5 Ke6+ 72. Kc6 Rd5 73. b5 Rd6+ 74. Kc7 Rd7+ 75. Kc8 Kd6 76. b6 Kc6 77. a7 1-0